| 000 | 00876nam a2200229Ii 4500 | ||
|---|---|---|---|
| 003 | JO-AjNU | ||
| 008 | 230605s9999||||xx |||||||||||||| ||und|| | ||
| 017 | _a1996/6/709 | ||
| 020 | _a9957-06-008-2 | ||
| 040 |
_aJO-AjNU _bara _erda _cJO-AjNU |
||
| 041 | _aara | ||
| 050 | 1 | 4 | _aN6260 .J8288 1999 |
| 100 | 3 |
_aجودي، محمد حسين تأليف , _eauthor _916462 |
|
| 245 | 0 | 0 | _aابتكارات العرب في الفنون وأثرها في الفن الأوروبي في القرون الوسطى |
| 250 | _aط2 | ||
| 264 | 3 | 1 | _aعمان:دار المسيرة للنشر والتوزيع،1999 |
| 300 | _a96ص | ||
| 336 |
_atext _btxt _2rdacontent |
||
| 337 |
_aunmediated _bn _2rdamedia |
||
| 338 |
_avolume _bnc _2rdacarrier |
||
| 650 | 4 |
_aالفنون-الابتكارات-الفن الإسلامي - تاريخ-الفن - عصر النهضة، 1450-1600 _916463 |
|
| 999 |
_aA4887 _c8455 _d8455 |
||